| 000 | 01736nam a22003015a 4500 | ||
|---|---|---|---|
| 003 | OSt | ||
| 005 | 20161128152355.0 | ||
| 008 | 161128s2009 ua frb 000 0 ara d | ||
| 015 | _a2008/25104 | ||
| 020 | _a9789770459118 | ||
| 040 |
_aEG-ScBUE _bara _cEG-ScBUE |
||
| 043 |
_af-ua--- _an-us--- |
||
| 082 | 0 | 4 |
_a346.023 _bع ب د _222 |
| 100 | 1 | _aعبد اللطيف، عاطف محمد. | |
| 245 | 1 | 0 |
_aامتيازات الإدارة في قانون المناقصات والمزايدات : _bدراسة مقارنة بأحكام العقود الحكومية في القانون الأمريكي : دراسة تطبيقية لسلطات الإدارة في قانون المزايدات والمناقصات مدعمة بأحدث فتاوى الجمعية العمومية لقسمي الفتوى والتشريع وأحكام المحكمة الإدارية العليا حتى عام 2008 / _cعاطف محمد عبد اللطيف. |
| 250 | _aط. 1. | ||
| 260 |
_aالقاهرة : _bدار النهضة العربية، _c2009. |
||
| 300 |
_a789 ص. ؛ _c24 سم. |
||
| 504 | _aيشتمل على إرجاعات ببليوجرافية. | ||
| 650 | 7 |
_aالمناقصات والمزايدات _xقوانين وتشريعات _zالولايات المتحدة الأمريكية. _2BUEsh |
|
| 650 | 7 |
_aالمناقصات والمزايدات _xقوانين وتشريعات _zمصر. _2BUEsh _940878 |
|
| 650 | 7 |
_aالمناقصات والمزايدات (فقه إسلامي) _2BUEsh |
|
| 650 | 7 |
_aالعقود (قانون مدني) _zالولايات المتحدة الأمريكية. _2BUEsh |
|
| 650 | 7 |
_aالعقود (قانون مدني) _zمصر. _2BUEsh |
|
| 651 | _2BUEsh | ||
| 653 |
_bLLAAWW _cNovember2016 |
||
| 942 | _2ddc | ||
| 999 |
_c23379 _d23351 |
||